Score 0/30 Timer 09:00
0 Plays Today
% Correct
How was I supposed to know they couldn't swim?
75.8%
I'm going to stick it in my ear.
74.7%
One more and you'd qualify for American citizenship.
72.5%
Uh, no, ma'am. Royal Canadian Mounted Police.
72.5%
No, the locals favor something called Twister.
67%
I just assumed it was something personal.
67%
That's no reason to compound the tragedy.
64.8%
All you gotta do is listen to some Canadian quote an American revolutionary.
64.8%
What's sixty times eight fifths?
63.7%
Well, that's--that's picky, Ray.
61.5%
(sings) Oh, the year was 1778. How I wish I was in Sherbrooke now...
59.3%
Welcome to the United States of America, Fraser.
58.2%
All right, Ray, you're starting to blither.
58.2%
What the hell kinda word is that?
57.1%
No, no. Not since the late sixties.
54.9%
% Correct
Are you familiar with the sport known as curling?
54.9%
Commentate! You're a commentator!
53.8%
It's television, eh? That's why I like our fine Canadian programming.
52.7%
Fine, then, I'll drive thirty percent slower.
50.5%
Now, I think that's probably hyperbole.
49.5%
You ever try to run a calculator with a hook?
47.3%
Unfortunately, they're all reserved. I didn't realize Spiro Agnew's birthday was that widely celebrated.
47.3%
He's a slum lord!
45.1%
Robert Service, apparently.
41.8%
You'll never believe this, but I didn't realize this was a formal event.
40.7%
It's hard on my socks.
39.6%
You know, Ray, this is the 1890 Illinois Criminal Code.
38.5%
Well, maybe you don't know about that.
34.1%
I'm sorry, Fraser, for being so abrupt. I hope you will accept my heartfelt apology.
30.8%
You know, Ray, in my limited experience with the subject, I've found that very few life-long bonds are formed based on whether one partner or the other urinated in their clothing.
19.8%
Remove Ads.
Support Sporcle.
Get the best of Sporcle when you Go Orange. This ad-free experience offers more features, more stats, and more fun while also helping to support Sporcle. Thank you for becoming a member.

You're not logged in!

Compare scores with friends on all Sporcle quizzes.
OR
Log In

Sporcle TV

Today on Sporcle TV


Watch our educational content, quiz creation guides, and fun videos on Sporcle TV.

Show Comments

Extras

Top Quizzes Today


Score Distribution

Paid Content

Your Account Isn't Verified!

In order to create a playlist on Sporcle, you need to verify the email address you used during registration. Go to your Sporcle Settings to finish the process.

Report this User

Report this user for behavior that violates our Community Guidelines.

Details: